Mediae latinitatis lexicon minus
Salvato in:
| Autore principale: | |
|---|---|
| Natura: | Libro |
| Lingua: | latino francese |
| Pubblicazione: |
Leiden
E. J. Brill
1993
|
| Soggetti: | |
| Tags: |
Aggiungi Tag
Nessun Tag, puoi essere il primo ad aggiungerne!!
|
MARC
| LEADER | 00000nam a2200000 a 4500 | ||
|---|---|---|---|
| 001 | UCU2893 | ||
| 003 | CL-VaPUC | ||
| 008 | 960429e19930000NE |||||||||||||||||lat|d | ||
| 041 | 0 | 7 | |a lat |2 CL-VaPUC |
| 041 | 0 | 7 | |a fre |2 CL-VaPUC |
| 082 | 0 | 4 | |a 477 |b NIE |2 21 |
| 100 | |a Niermeyer, Jan Frederik |e autor |9 359480 | ||
| 245 | 1 | 0 | |a Mediae latinitatis lexicon minus |
| 300 | |a 1138 p | ||
| 942 | |c BK | ||
| 945 | |d 19960429 00:00:00 |a rbrito | ||
| 260 | |a Leiden |b E. J. Brill |c 1993 | ||
| 650 | 0 | |a Latín |9 269544 | |
| 650 | 0 | |a Diccionarios |9 256200 | |
| 650 | 7 | |a FRANCES |2 CL-VaPUC |9 259059 | |
| 650 | 0 | |a Edad media |9 258041 | |
| 650 | 0 | |a Inglés |9 260023 | |
| 583 | |a last modification |c 19960429 00:00:00 |k Rodrigo Vera | ||
| 999 | |c 247074 |d 247072 | ||
| 952 | |0 0 |1 0 |4 0 |6 477_000000000000000_NIE_1993 |7 0 |8 X |9 262628 |a BIBEDU |b BIBEDU |d 2019-11-19 |i 3196135 |o 477 NIE 1993 |p 3196135 |r 2023-01-13 |w 2019-11-19 |y BK_X |k EDU | ||